| 000 | 00828nam a22002897a 4500 | ||
|---|---|---|---|
| 003 | CHAP | ||
| 005 | 20220329140334.0 | ||
| 008 | 971013s1966 r 00010 d | ||
| 010 | _a50626 | ||
| 011 | _a51598 | ||
| 035 | _a55748 | ||
| 040 | _cCHAP | ||
| 082 |
_a674.38 _bV5 1966 |
||
| 100 | 0 | 0 |
_aVilliare, André. _9119804 |
| 245 | _aSéchage des bois | ||
| 250 | _a6 ed. | ||
| 260 |
_aParis : _bDunod, _c1966 |
||
| 300 |
_a409 p. _b: ilus. |
||
| 590 |
_aBATCH-UPD _b10 _c20130110 _lUCH01 _h0422 |
||
| 590 |
_aBATCH-UPD _b10 _c20130410 _lUCH01 _h0057 |
||
| 590 |
_aBATCH-UPD _b10 _c20130914 _lUCH01 _h1740 |
||
| 590 |
_aCONVERSION _b10 _c20130109 _lUCH01 _h1327 |
||
| 650 | 1 | 4 |
_aMadera aserrada _xSecado. _969642 |
| 901 | _aBK | ||
| 942 | _cLIBRO | ||
| 949 |
_a674.38 V5 1966 _bBC _cLIBRO _d33724000106993 _eLIBRO _h15189 _i55748 _mD _si |
||
| 999 |
_c50626 _d50626 |
||